02306nam a2200409 a 4500008004100000020001800041041000800059092001700067100002900084245014200113250011800255260003600373300002200409500018700431653005400618653005000672653005900722653003300781653008000814653008300894653011900977653005301096653005501149653009401204653009701298653006501395700003401460700003401494700003001528700003201558700003201590700003601622700003301658942001201691999001501703952017801718110811t2009 ag a f |||| 001 0 spa d a9789872523503 aspa c615l53sMOI1 aMoizeszowicz, Julio9753 aPsicofarmacología psicodinámica IV. bActualizaciones 2009. Estrategias terapéuticas y psiconeurobiológicas /cJulio Moizeszowicz a1a ed.bCompilación del "XVIII Curso intensivo-interactivo de actualización en Psicofarmacología Clínica" aBuenos Aires:bFundoPsi;c2009. a156 p.c20x15 cm. aMoizeszowicz, J. et al. (2009). Psicofarmacología. Psicodinámica IV. Actualizaciones 2009. Estrategias terapéuticas y psiconeurobiológicas. (1a ed.). Buenos Aires : Fundopsi. aMundo real: depresiones encubiertas y resistentes aTratamiento psicofarmacológico del burn-out aDepresión resistente: nuevas opciones terapéuticas 3aLa mujer y sus circustancias aConsecuencias del estrés y de los trastornos mentales durante el embarazo aManejo de las alteraciones psíquicas en la transición periposmenopáusica aVentajas de prevención del parto pretérmino sobre el manejo del recién nacido prematuro: costos y beneficios aSobre genes, genomas, lo heredado y lo adquirido aNuevos paradigmas entre lo heredado y lo adquirido 4aDos puntos polémicos del trastorno bipolar. ¿es hereditario? ¿se usan antidepresivos? aCáncer de mama: procesamiento de la incertidumbre y mecanismos psicobiológicos complejos aPrograma interactivo de preguntas y respuestas del auditorio1 aBentolila, Silvia9754eCols.1 aFrieder, Patricia9756eCols.1 aGuala, Sergio9758eCols.1 aMarmer, Marcelo9759eCols.1 aMonczor, Myriam9760eCols.1 aKornblihtt, AlberteCols.937421 aMarquez, MigueleCols.93743 2ddccBK c2151d2151 00102ddc4070aBFMbBFMcCRd2015-04-10eDonación Marisa Urrere, Abril 2015l0o615 53 MOIp3473r2015-04-10tEj. 2w2015-04-10yBKzDonación Marisa Urrere, Abril 2015